| 000 | 00617nam a2200229Ia 4500 | ||
|---|---|---|---|
| 003 | OSt | ||
| 005 | 20220918212356.0 | ||
| 006 | a|||||r|||| 00| 0 | ||
| 007 | ta | ||
| 008 | 220917b |||||||| |||| 00| 0 eng d | ||
| 024 | _a128,697 | ||
| 037 | _cTextual | ||
| 040 |
_aARTS _cARTS _beng |
||
| 041 |
_2eng _aeng |
||
| 082 | _aW94, M1 | ||
| 100 |
_aTivey Leonard ed _9123668 |
||
| 245 | 0 |
_aNation state _b the formation of modern politics |
|
| 260 |
_aOxfrod _bmartin Robertson _c1981 |
||
| 650 | _aPOLITICAL SCIENCE | ||
| 942 |
_hW94, M1 _cTEXL _2CC |
||
| 999 |
_c251831 _d251831 |
||